000 00506nam a2200145Ia 4500
041 _aArabic
082 _a321,02 cut-929 ح
100 _a20260118u\\\\\\\\\\\y0engy0103\\\\ba
100 _aالقاضي نبيل عبدالرحمن حياوي
245 0 _aالدول الاتحادية الفيدرالية الضمانات الدستورية للحقوق الشخصية
250 _aط1
260 _bالمكتبة القانونية
_aبغداد -العراق
_c2004
300 _a89
942 _cBk
999 _c189030
_d189030